មូលដ្ឋានគ្រឺះនៃទំនាក់ទំនង / (Record no. 6455)
[ view plain ]
| 000 -LEADER | |
|---|---|
| fixed length control field | 01600nam a22002417a 4500 |
| 001 - CONTROL NUMBER | |
| control field | 6455 |
| 003 - CONTROL NUMBER IDENTIFIER | |
| control field | FISKH |
| 005 - DATE AND TIME OF LATEST TRANSACTION | |
| control field | 20250512151018.0 |
| 008 - FIXED-LENGTH DATA ELEMENTS--GENERAL INFORMATION | |
| fixed length control field | 250505b cb ||||| |||| 00| 0 eng d |
| 040 ## - CATALOGING SOURCE | |
| Original cataloging agency | FISKH |
| Language of cataloging | khr |
| Transcribing agency | FISKH |
| Modifying agency | FISKH |
| 050 ## - LIBRARY OF CONGRESS CALL NUMBER | |
| Classification number | PZ7 |
| 082 ## - DEWEY DECIMAL CLASSIFICATION NUMBER | |
| Classification number | 380 |
| 100 ## - MAIN ENTRY--PERSONAL NAME | |
| Personal name | Rithy, Chan |
| 245 ## - TITLE STATEMENT | |
| Title | មូលដ្ឋានគ្រឺះនៃទំនាក់ទំនង / |
| Statement of responsibility, etc. | ច័ន្ទ ប្ញទ្ធី |
| 260 ## - PUBLICATION, DISTRIBUTION, ETC. | |
| Place of publication, distribution, etc. | ភ្នំពេញ : |
| Date of publication, distribution, etc. | 2000. |
| 300 ## - PHYSICAL DESCRIPTION | |
| Extent | 64 pages : |
| Other physical details | illustrations ; |
| Dimensions | 21 cm . |
| 520 ## - SUMMARY, ETC. | |
| Summary, etc. | គឺជាផ្នែកមួយនៃការសិក្សាអំពីទំនាក់ទំនងអន្តរជាតិ និងវិស័យទំនាក់ទំនងសាធារណៈ។ សៀវភៅនេះផ្តោតលើការពិភាក្សាអំពីគោលការណ៍ និងមូលដ្ឋាននៃទំនាក់ទំនងដែលមានប្រសិទ្ធភាព និងអាចបង្កើតការយល់ដឹង និងការសហការល្អរវាងភាគីផ្សេងៗ។ |
| 520 ## - SUMMARY, ETC. | |
| Summary, etc. | It is a part of the study of international relations and the field of public relations. This book focuses on discussing the principles and foundations of effective communication that can foster understanding and good cooperation between different parties |
| 650 ## - SUBJECT ADDED ENTRY--TOPICAL TERM | |
| Topical term or geographic name entry element | មូលដ្ឋានគ្រឺះនៃទំនាក់ទំនង |
| 650 ## - SUBJECT ADDED ENTRY--TOPICAL TERM | |
| Topical term or geographic name entry element | Foundation of communication |
| 942 ## - ADDED ENTRY ELEMENTS (KOHA) | |
| Source of classification or shelving scheme | Dewey Decimal Classification |
| Koha item type | Khmer Books |
| Suppress in OPAC | No |
| Withdrawn status | Lost status | Source of classification or shelving scheme | Damaged status | Not for loan | Collection | Home library | Current library | Shelving location | Date acquired | Total Checkouts | Full call number | Barcode | Date last seen | Price effective from | Koha item type |
|---|---|---|---|---|---|---|---|---|---|---|---|---|---|---|---|
| Dewey Decimal Classification | Khmer Language Books / សៀវភៅភាសាខ្មែរ | Footprints International School Library Network Toul Tom Poung Campus | Footprints International School Library Network Toul Tom Poung Campus | TTP Secondary Khmer Bookshelves | 05/05/2025 | RIT PZ7 380 | 2025-1139 | 05/05/2025 | 05/05/2025 | Khmer Books |
